Ingeniería geológica /

Guardado en:
Autor Principal: Estados Unidos de América Departamento de Agricultura Servicio de Conservación de Suelos
Formato: Libro
Publicado: México : Diana, 1978
Materias:
Etiquetas: Agregar Etiqueta
Sin Etiquetas, Sea el primero en etiquetar este registro!
LEADER 00818nam a22002175a 4500
001 CEM.cems016677
005 20130516174702.0
008 130507s1978##################000#0#####d
003 CEMS
082 0 4 |a 631.7 
100 1 |a Estados Unidos de América Departamento de Agricultura Servicio de Conservación de Suelos 
245 1 0 |a Ingeniería geológica /  |c Estados Unidos de América Departamento de Agricultura Servicio de Conservación de Suelos, 
260 |a México :  |b Diana,  |c 1978 
300 |a 86 p. 
653 |a Ingeniería geológica 
653 |a Cimentación 
653 |a Vertedero principal 
653 |a Cuencas de embalse 
653 |a Vertedero de emergencia 
859 |a CEMS  |b BIB. CEMS - Agricultura  |h 631.7  |i Es82  |p A0249.00  |t Ej.1  |v 9  |3 9 
859 |a CEMS  |b BIB. CEMS - Agricultura  |h 631.7  |i Es82  |p A0250.00  |t Ej.2  |v 9  |3 9